000
00253 a2200097 4500
001
46826
100
_a
Kourvetaris G
245
_a
World perspectives in the sociology of the military
260
_a
New York
_b
Transaction books
_c
090
_c
29916
_d
29916
942
_a
NUST-CAE
_c
M
_c
22131
999
_c
281899
_d
281899